Т. 1 : От древнейших времен до середины XIX века; История русской музыки

Bibliografske podrobnosti
Parent link:История русской музыки: учебник/ О. Е. Левашева, Ю. В. Келдыш, А. И. Кандинский. Т. 1 : От древнейших времен до середины XIX века.— , 1972-
Jezik:ruščina
Izdano: 1972
Teme:
Format: MixedMaterials Knjiga
KOHA link:https://koha.lib.tpu.ru/cgi-bin/koha/opac-detail.pl?biblionumber=237862

MARC

LEADER 00000nam2a2200000 4500
001 237862
005 20231101231552.0
035 |a (RuTPU)RU\TPU\book\259039 
090 |a 237862 
100 |a 20130518d1972 m y0rusy50 ca 
101 0 |a rus 
102 |a RU 
105 |a a j 001zd 
200 0 |a Т. 1 : От древнейших времен до середины XIX века 
210 |d 1972 
215 |a 595 с.  |c ил. 
320 |a Библиогр.: с. 582-585 
320 |a Указатель имен: с. 586-593 
461 1 |0 (RuTPU)RU\TPU\book\261116  |t История русской музыки  |o учебник  |f О. Е. Левашева, Ю. В. Келдыш, А. И. Кандинский  |v Т. 1 : От древнейших времен до середины XIX века  |d 1972- 
600 1 |a Пашкевич  |b В. А.  |c руский композитор  |c скрипач  |f около 1742-1797  |g Василий Александрович  |c дирижер  |2 stltpush  |3 (RuTPU)RU\TPU\pers\20309 
600 1 |a Фомин  |b Е. И.  |c русский композитор  |f 1761-1800  |g Евстигней Ипатович  |2 stltpush  |3 (RuTPU)RU\TPU\pers\11049  |9 2424 
600 1 |a Алябьев  |b А. А.  |c русский композитор  |f 1787-1851  |g Александр Александрович  |2 stltpush  |3 (RuTPU)RU\TPU\pers\11050  |9 2425 
600 1 |a Верстовский  |b А. Н.  |c русский композитор  |f 1799-1862  |g Алексей Николаевич  |2 stltpush  |3 (RuTPU)RU\TPU\pers\11051  |9 2426 
600 1 |a Варламов  |b А. Е.  |c русский композитор  |f 1801-1848  |g Александр Егорович  |2 stltpush  |3 (RuTPU)RU\TPU\pers\11052  |9 2427 
600 1 |a Гурилев  |b А. Л.  |c русский композитор  |f 1803-1858  |g Александр Львович  |2 stltpush  |3 (RuTPU)RU\TPU\pers\11053  |9 2428 
600 1 |a Глинка  |g Михаил Иванович  |c русский композитор  |f 1804-1857  |b М. И.  |2 stltpush  |3 (RuTPU)RU\TPU\pers\572 
600 1 |a Даргомыжский  |b А. С.  |c русский композитор  |f 1813-1869  |g Александр Сергеевич  |2 stltpush  |3 (RuTPU)RU\TPU\pers\11054  |9 2429 
606 1 |a Музыка  |2 stltpush  |3 (RuTPU)RU\TPU\subj\44569  |9 86458 
610 1 |a история 
610 1 |a учебники 
610 1 |a 19 век 
610 1 |a музыкальная культура 
610 1 |a народное творчество 
610 1 |a 17 век 
610 1 |a 18 век 
610 1 |a жанры 
610 1 |a 11 век 
610 1 |a 12 век 
610 1 |a 13 век 
610 1 |a 14 век 
610 1 |a 15 век 
610 1 |a 16 век 
610 1 |a персоналии 
610 1 |a творчество 
675 |a 78(075.8)  |v 4 
801 1 |a RU  |b 63413507  |c 20130518 
801 2 |a RU  |b 63413507  |c 20180626  |g RCR 
942 |c BK